Ethika. Ethika mint a szociológia alapja.
Elmentve itt :
| Szerző: | |
|---|---|
| Adatforrás: | Philobibl |
| Dokumentumtípus: | Könyv |
| Nyelv: | magyar |
| Megjelent: |
Bp.
Genius.
1922
|
| Sorozat: | Szabad iskola. 1.
|
| LEADER | 00420nam a2200145 c 4500 | ||
|---|---|---|---|
| 001 | bibDOK00024780 | ||
| 005 | 20200924121908.8 | ||
| 008 | 060518s1922 hu hun | ||
| 100 | 1 | |a Kármán Mór | |
| 245 | 1 | 0 | |a Ethika. Ethika mint a szociológia alapja. |c Kármán Mór |
| 260 | |a Bp. |b Genius. |c 1922 | ||
| 300 | |a 169 p. p. | ||
| 490 | 1 | |a Szabad iskola. 1. | |
| 500 | |a Összeállította Kármán Elemér. | ||
| 830 | 0 | |a Szabad iskola. 1. | |